<?xml version="1.0" encoding="UTF-8"?>
<record
    xmlns:xsi="http://www.w3.org/2001/XMLSchema-instance"
    xsi:schemaLocation="http://www.loc.gov/MARC21/slim http://www.loc.gov/standards/marcxml/schema/MARC21slim.xsd"
    xmlns="http://www.loc.gov/MARC21/slim">

  <leader>01266nam a22002657a 4500</leader>
  <controlfield tag="005">2009080405165.0</controlfield>
  <controlfield tag="008">090728t        xxu||||| |||| 00| 0 pun d</controlfield>
  <datafield tag="010" ind1=" " ind2=" ">
    <subfield code="a">PUN-7336</subfield>
  </datafield>
  <datafield tag="020" ind1=" " ind2=" ">
    <subfield code="c">100.00</subfield>
    <subfield code="a">9788178837666</subfield>
  </datafield>
  <datafield tag="035" ind1=" " ind2=" ">
    <subfield code="a">PN-6454</subfield>
  </datafield>
  <datafield tag="037" ind1=" " ind2=" ">
    <subfield code="b">DBAD / PUB/&#xA1A;&#xA47;&#xA24;&#xA28;&#xA3E; &#xA2A;&#xA4D;&#xA30;&#xA15;&#xA3E;&#xA38;&#xA3C;&#xA28;</subfield>
  </datafield>
  <datafield tag="040" ind1=" " ind2=" ">
    <subfield code="a">dpl</subfield>
    <subfield code="b">PN</subfield>
  </datafield>
  <datafield tag="082" ind1=" " ind2=" ">
    <subfield code="a">808.88</subfield>
  </datafield>
  <datafield tag="100" ind1=" " ind2=" ">
    <subfield code="9">37323</subfield>
    <subfield code="a">&#xA2E;&#xA3E;&#xA30;&#xA1F;&#xA3F;&#xA28; &#xA32;&#xA42;&#xA25;&#xA30; &#xA15;&#xA3F;&#xA70;&#xA17; &#xA1C;&#xA42;&#xA28;&#xA40;&#xA05;&#xA30;</subfield>
  </datafield>
  <datafield tag="245" ind1=" " ind2=" ">
    <subfield code="a">&#xA2E;&#xA28;&#xA4B;&#xA39;&#xA30; &#xA2C;&#xA1A;&#xA28; / </subfield>
    <subfield code="c">&#xA2E;&#xA3E;&#xA30;&#xA1F;&#xA3F;&#xA28; &#xA32;&#xA42;&#xA25;&#xA30; &#xA15;&#xA3F;&#xA70;&#xA17; &#xA1C;&#xA42;&#xA28;&#xA40;&#xA05;&#xA30;,&#xA17;&#xA41;&#xA30;&#xA26;&#xA3F;&#xA24; &#xA38;&#xA3F;&#xA70;&#xA18; &#xA15;&#xA70;&#xA17; &#xA26;&#xA4D;&#xA35;&#xA3E;&#xA30;&#xA3E; &#xA05;&#xA28;&#xA41;&#xA26;&#xA3F;&#xA24;</subfield>
  </datafield>
  <datafield tag="246" ind1=" " ind2=" ">
    <subfield code="a">Manohar bachpan</subfield>
    <subfield code="b">by Martin Luther king Junior</subfield>
  </datafield>
  <datafield tag="260" ind1=" " ind2=" ">
    <subfield code="a">&#xA32;&#xA41;&#xA27;&#xA3F;&#xA06;&#xA23;&#xA3E;</subfield>
    <subfield code="b">&#xA1A;&#xA47;&#xA24;&#xA28;&#xA3E; &#xA2A;&#xA4D;&#xA30;&#xA15;&#xA3E;&#xA38;&#xA3C;&#xA28;</subfield>
    <subfield code="c">2011</subfield>
  </datafield>
  <datafield tag="270" ind1=" " ind2=" ">
    <subfield code="a">Punjabi Bhawan, </subfield>
    <subfield code="b">Ludhiana ( Pb.)</subfield>
    <subfield code="k">0161-2413613</subfield>
    <subfield code="m">chetnaprakashan@sify.com</subfield>
  </datafield>
  <datafield tag="300" ind1=" " ind2=" ">
    <subfield code="a">80&#xA38;&#xA2B;&#xA47;</subfield>
    <subfield code="b">21 &#xA38;&#xA47;&#xA02;&#xA2E;&#xA40;(&#xA38;&#xA1C;&#xA3F;&#xA32;&#xA26;)</subfield>
  </datafield>
  <datafield tag="650" ind1=" " ind2=" ">
    <subfield code="9">37324</subfield>
  </datafield>
  <datafield tag="650" ind1=" " ind2=" ">
    <subfield code="9">37325</subfield>
  </datafield>
  <datafield tag="700" ind1=" " ind2=" ">
    <subfield code="a">&#xA17;&#xA41;&#xA30;&#xA26;&#xA3F;&#xA24; &#xA38;&#xA3F;&#xA70;&#xA18; &#xA15;&#xA70;&#xA17;</subfield>
    <subfield code="9">52706</subfield>
  </datafield>
  <datafield tag="942" ind1=" " ind2=" ">
    <subfield code="2">ddc</subfield>
    <subfield code="c">PN</subfield>
    <subfield code="h">808.88</subfield>
    <subfield code="m">&#xA2E;&#xA3E;&#xA30;&#xA1F;&#xA3F;</subfield>
  </datafield>
  <datafield tag="999" ind1=" " ind2=" ">
    <subfield code="c">70403</subfield>
    <subfield code="d">70403</subfield>
  </datafield>
  <datafield tag="952" ind1=" " ind2=" ">
    <subfield code="0">0</subfield>
    <subfield code="1">0</subfield>
    <subfield code="2">ddc</subfield>
    <subfield code="4">0</subfield>
    <subfield code="7">0</subfield>
    <subfield code="8">NFIC</subfield>
    <subfield code="a">DBAD</subfield>
    <subfield code="b">DBAD</subfield>
    <subfield code="d">2012-09-27</subfield>
    <subfield code="e">DBAD / PUB</subfield>
    <subfield code="g">100.00</subfield>
    <subfield code="l">0</subfield>
    <subfield code="o">808.88 &#xA2E;&#xA3E;&#xA30;&#xA1F;&#xA3F;</subfield>
    <subfield code="p">PN-6454</subfield>
    <subfield code="r">2012-09-27 00:00:00</subfield>
    <subfield code="t">1</subfield>
    <subfield code="v">100.00</subfield>
    <subfield code="w">2012-09-27</subfield>
    <subfield code="y">PN</subfield>
  </datafield>
</record>
